00828nam a22002177a 4500999001700000003000900017008004100026040007100067082001800138100001900156245005700175260003300232300002800265505012600293650002100419650001700440650001900457942001600476945002000492952009800512 c13230d13230AR-CdUCM190411b ||||| |||| 00| 0 spa d aMUNICIPALIDAD PROVINCIAL DEL CUSCOcBIBLIOTECA MUNICIPAL DEL CUSCO a868.43 /bM23 aMathias, Julio aUn autor en un libro moratin estudio y antología / aMadrid :bEspañola,c1964. a222 páginas ;c19 cm. aContenido : Nota preliminar -- Esquema biográfico -- La época -- El escritor. Su ideario y su obra -- Antología ... aAntología9142 aMoratin9836 aLiteratura983 2ddccLIBROS arahd11/04/2019 002ddc4070aSHbSHcCARTd2019-04-11g20.00o868.43 / M23pSH0000010645r2019-04-11yLIBROS